schaum,s outline Series Theory and Problems of vector Analysis (Record no. 298613)

000 -LEADER
fixed length control field 00285 a2200109 4500
001 - CONTROL NUMBER
control field 63540
082 ## - DEWEY DECIMAL CLASSIFICATION NUMBER
Classification number 512.896 SPI
090 ## - LOCALLY ASSIGNED LC-TYPE CALL NUMBER (OCLC); LOCAL CALL NUMBER (RLIN)
-- 37537
-- 37537
100 ## - MAIN ENTRY--PERSONAL NAME
Personal name Spiegel, M.R
245 ## - TITLE STATEMENT
Title schaum,s outline Series Theory and Problems of vector Analysis
260 ## - PUBLICATION, DISTRIBUTION, ETC.
Place of publication, distribution, etc. 1959
Name of publisher, distributor, etc. USA
Date of publication, distribution, etc. McGraw Hall
942 ## - ADDED ENTRY ELEMENTS (KOHA)
Institution code [OBSOLETE] caenust
Call number prefix 512.896 SPI
Holdings
Withdrawn status Lost status Damaged status Not for loan Collection code Permanent Location Current Location Date acquired Total Checkouts Full call number Barcode Date last seen Price effective from Koha item type
          College of Aeronautical Engineering (CAE) College of Aeronautical Engineering (CAE) 04/03/2017   512.896 SPI CAE22601 04/05/2017 04/05/2017 Book
          College of Aeronautical Engineering (CAE) College of Aeronautical Engineering (CAE) 04/03/2017   512.896 SPI CAE22602 04/05/2017 04/05/2017 Book
© 2023 Central Library, National University of Sciences and Technology. All Rights Reserved.